书目信息 |
| 题名: |
焊接结构
|
|
| 作者: | 田锡唐 主编 | |
| 分册: | ||
| 出版信息: | 北京 机械工业出版社 1982.6 |
|
| 页数: | 231页 | |
| 开本: | 20cm | |
| 丛书名: | ||
| 单 册: | ||
| 中图分类: | TG40 | |
| 科图分类: | ||
| 主题词: | 焊接 , 切割 , 金属--粘接 | |
| 电子资源: | ||
| ISBN: | ||
| 000 | 00516nam0 2200205 45 | |
| 001 | 0312221749 | |
| 005 | 20060511093325.10 | |
| 010 | @dCNY1.55 | |
| 100 | @a20031222d1982 km y0chiy0120 ea | |
| 101 | @achi | |
| 200 | 1 | @a焊接结构@AHan Jie Jie Gou@f田锡唐主编@FTian Xi Tang Zhu Bian |
| 210 | @a北京@c机械工业出版社@d1982.6 | |
| 215 | @a231页@d20cm | |
| 606 | 0 | @a焊接 |
| 606 | 0 | @a切割 |
| 606 | 0 | @a金属@x粘接 |
| 690 | @aTG40@v3 | |
| 701 | 0 | @a田锡唐@4主编 |
| 801 | @aCN@bTSTCL@c20060511 | |
| 905 | @a213230@dTG40@e2 | |
| 焊接结构/田锡唐主编.-北京:机械工业出版社,1982.6 |
| 231页;20cm |
| ISBN :CNY1.55 |
| ● |
| 相关链接 |
|
|
|
|
正题名:焊接结构
索取号:TG40/2
 
预约/预借
| 序号 | 登录号 | 条形码 | 馆藏地/架位号 | 状态 | 备注 |
| 1 | 0105048 | 202325778 | 密集书库/ [索取号:TG40/2] | 在馆 | |
| 2 | 0105049 | 202325803 | 密集书库/ [索取号:TG40/2] | 在馆 |